Cleveland Cavaliers Leaders Per Year - Statistics

General Stats
  • This quiz has been taken 3,354 times
    2,361 since last reset
  • The average score is 19 of 67
Answer Stats
Player % Correct
LeBron James
100%
Donovan Mitchell
96%
Kyrie Irving
95%
Mike Mitchell
95%
Darius Garland
93%
Kevin Love
90%
Jarrett Allen
89%
Evan Mobley
86%
Tristan Thompson
69%
Mark Price
67%
Zydrunas Ilgauskas
67%
Bingo Smith
64%
Elmore Smith
64%
Collin Sexton
54%
Hot Rod Williams
46%
Mo Williams
46%
Brad Daugherty
44%
Larry Nance
41%
Larry Nance Jr.
41%
Anderson Varejao
38%
Shaquille O'Neal
34%
John Johnson
27%
Austin Carr
23%
Carlos Boozer
20%
Craig Ehlo
20%
Jordan Clarkson
20%
World B. Free
20%
Shawn Kemp
19%
Timofey Mozgov
18%
Andre Miller
17%
Dwight Davis
17%
Ricky Davis
17%
Ricky Rubio
17%
Tyrone Hill
16%
Matthew Dellavedova
15%
Antawn Jamison
14%
Drew Gooden
13%
Mark West
13%
Ron Harper
12%
Terrell Brandon
11%
Campy Russell
10%
Cliff Robinson
9%
Nate Thurmond
9%
Foots Walker
8%
Lenny Wilkens
8%
Jim Chones
7%
Kenny Carr
7%
Brevin Knight
6%
Alonzo Gee
4%
Bill Laimbeer
4%
James Edwards
4%
Jim Brewer
4%
John Bagley
4%
Michael Cage
4%
Ron Brewer
4%
Roy Hinson
4%
Walt Wesley
4%
Clarence Weatherspoon
3%
Geoff Huston
3%
Jim Cleamons
3%
Tyler Zeller
3%
Bob Wilkerson
2%
Butch Beard
2%
Dave Robisch
2%
Jeff McInnis
2%
Mike Bratz
2%
Rick Roberson
2%
No matching quizzes found
Score Distribution
Percent of People with Each Score
Percentile by Number Answered
Your Score History
You have not taken this quiz since the last reset